000 00476nam a2200193Ia 4500
001 64014
008 220430n ii |||gr||||Z||||||hin
020 _a9788126719631
082 _a921
100 _aTulasi Ram.
245 0 _aMurdahiya
_cAutobiography By Tulasi Ram
_hTextual Documents
250 _aRev Edn.
260 _aDelhi
_bRajkamal prakashan
_c2018.
300 _a183pg:
_c23cm.
653 _aHindi
653 _aMurdahiya
653 _aG-Hindi
942 _2ddc
_cBK
999 _c65114
_d65114